| 000 | 00448nam a2200133Ia 4500 | ||
|---|---|---|---|
| 003 | GCL | ||
| 008 | 140319s9999 xx 000 0 ara d | ||
| 040 |
_aGCL / _cGCL |
||
| 082 | 0 | 4 |
_a270.9 _bح ت |
| 100 | 1 | _aحنا جرجس الخضرى | |
| 245 | 1 | 0 |
_aتاريخ الفكر المسيحى : يسوع المسيح عبر الاجيال / _cحنا جرجس الخضرى |
| 260 |
_a[S.N] : _bدار الثقافة العربية ، _c1981 |
||
| 490 | _a | ||
| 999 |
_c54346 _d54346 |
||